000 00601nam a2200253Ia 4500
005 20251020182514.0
008 200515s9999 xx 000 0 und d
020 _a9972-52-008-0
082 _a658.25.2(85)/B79
100 _aBoza, Beatriz, ed.
245 0 _aGuía legal de negocios: invirtiendo en el Perú
250 _a3a. ed.
260 _aLima
260 _bPromPerú
260 _c1998
300 _a796 p.
500 _a1 ejemplar
650 _aINVERSIONES
650 _aLEGISLACION
650 _aNEGOCIOS
650 _aPROPIEDAD INTELECTUAL
942 _cLIB
999 _c1522
_d1522